[Event "Amateur Tournament (ATO)"]
[Site "https://www.chess.com"]
[Date "2025.07.23"]
[Round "8"]
[White "Brandes, Stefan"]
[Black "Balsiger, Matthias"]
[Result "1-0"]
[Board "46"]
[WhiteFideId "1352890"]
[BlackFideId "1320653"]
[WhiteElo "1583"]
[BlackElo "1748"]
[WhiteTeam "SUI"]
[BlackTeam "SUI"]
[WhiteClock "0:14:54"]
[BlackClock "0:24:20"]
[Variant "Standard"]

1. d4 {[%clk 1:30:58]}  d5 {[%clk 1:30:50]} 2. Bf4 {[%clk 1:31:26]}  e6 {[%clk 1:30:34]} 3. e3 {[%clk 1:29:57]}  c5 {[%clk 1:28:17]} 4. Nf3 {[%clk 1:28:45]}  cxd4 {[%clk 1:19:21]} 5. exd4 {[%clk 1:28:45]}  Bd6 {[%clk 1:19:21]} 6. Bg3 {[%clk 1:29:12]}  Bxg3 {[%clk 1:15:09]} 7. hxg3 {[%clk 1:29:12]}  Qd6 {[%clk 1:15:20]} 8. Bd3 {[%clk 1:29:22]}  Nf6 {[%clk 1:12:33]} 9. Nbd2 {[%clk 1:28:25]}  Nc6 {[%clk 1:10:30]} 10. O-O {[%clk 1:24:15]}  O-O {[%clk 1:07:41]} 11. Re1 {[%clk 1:19:56]}  Bd7 {[%clk 1:05:06]} 12. c3 {[%clk 1:19:54]}  Rac8 {[%clk 1:01:17]} 13. Ne5 {[%clk 1:19:11]}  Ne8 {[%clk 0:51:54]} 14. Qh5 {[%clk 1:08:50]}  g6 {[%clk 0:51:41]} 15. Qh6 {[%clk 1:04:59]}  Nxe5 {[%clk 0:51:22]} 16. dxe5 {[%clk 1:00:04]}  Qe7 {[%clk 0:49:33]} 17. Nf3 {[%clk 0:50:26]}  f6 {[%clk 0:49:29]} 18. Re3 {[%clk 0:44:25]}  f5 {[%clk 0:46:13]} 19. Qf4 {[%clk 0:38:19]}  Nc7 {[%clk 0:45:35]} 20. Rae1 {[%clk 0:36:31]}  b5 {[%clk 0:42:24]} 21. g4 {[%clk 0:35:40]}  a6 {[%clk 0:36:54]} 22. gxf5 {[%clk 0:29:46]}  exf5 {[%clk 0:34:28]} 23. b3 {[%clk 0:25:20]}  Ne6 {[%clk 0:34:17]} 24. Qh6 {[%clk 0:24:37]}  Rxc3 {[%clk 0:34:04]} 25. Bb1 {[%clk 0:20:58]}  Rxe3 {[%clk 0:33:23]} 26. Qxe3 {[%clk 0:21:26]}  Rc8 {[%clk 0:33:03]} 27. Nd4 {[%clk 0:20:50]}  Nxd4 {[%clk 0:32:52]} 28. Qxd4 {[%clk 0:20:04]}  Qc5 {[%clk 0:30:56]} 29. Qxc5 {[%clk 0:15:36]}  Rxc5 {[%clk 0:31:08]} 30. e6 {[%clk 0:16:00]}  Bc6 {[%clk 0:29:43]} 31. e7 {[%clk 0:15:18]}  Kf7 {[%clk 0:29:50]} 32. b4 {[%clk 0:13:18]}  Rc4 {[%clk 0:29:24]} 33. Bd3 {[%clk 0:13:04]}  Rxb4 {[%clk 0:24:55]} 34. Bc2 {[%clk 0:13:04]}  a5 {[%clk 0:24:55]} 35. Bb3 {[%clk 0:13:13]}  a4 {[%clk 0:24:46]} 36. Bxd5+ {[%clk 0:13:32]}  Bxd5 {[%clk 0:24:37]} 37. e8=Q+ {[%clk 0:13:32]}  Kg7 {[%clk 0:24:19]} 38. Qe7+ {[%clk 0:14:26]}  Kh6 {[%clk 0:24:20]} 39. Qxb4 {[%clk 0:14:54]} 1-0

[Event "Amateur Tournament (ATO)"]
[Site "https://www.chess.com"]
[Date "2025.07.24"]
[Round "9"]
[White "Tereshchenko, Eliza"]
[Black "Kuenzli, Simon"]
[Result "1/2-1/2"]
[Board "1"]
[WhiteFideId "34389890"]
[BlackFideId "1308475"]
[WhiteElo "1874"]
[BlackElo "1993"]
[WhiteTeam "FID"]
[BlackTeam "SUI"]
[WhiteClock "0:26:34"]
[BlackClock "0:39:36"]
[Variant "Standard"]

1. d4 {[%clk 1:30:55]}  d5 {[%clk 1:30:47]} 2. Nf3 {[%clk 1:31:18]}  Nf6 {[%clk 1:31:03]} 3. g3 {[%clk 1:31:39]}  c6 {[%clk 1:31:05]} 4. Bg2 {[%clk 1:31:46]}  Bf5 {[%clk 1:31:15]} 5. c4 {[%clk 1:31:44]}  e6 {[%clk 1:31:39]} 6. Nc3 {[%clk 1:31:51]}  Be7 {[%clk 1:31:24]} 7. Qb3 {[%clk 1:28:55]}  Qb6 {[%clk 1:31:33]} 8. c5 {[%clk 1:29:12]}  Qxb3 {[%clk 1:31:56]} 9. axb3 {[%clk 1:29:37]}  O-O {[%clk 1:31:28]} 10. Nh4 {[%clk 1:23:56]}  Re8 {[%clk 0:51:46]} 11. Nf3 {[%clk 0:38:31]}  h6 {[%clk 0:39:36]} 12. h3 {[%clk 0:26:34]} 1/2-1/2

[Event "Amateur Tournament (ATO)"]
[Site "https://www.chess.com"]
[Date "2025.07.24"]
[Round "9"]
[White "Bangerter, Ena"]
[Black "Ding, Shirui"]
[Result "0-1"]
[Board "3"]
[WhiteFideId "1344102"]
[BlackFideId "8618445"]
[WhiteTitle "WCM"]
[WhiteElo "1852"]
[BlackElo "1770"]
[WhiteTeam "SUI"]
[BlackTeam "CHN"]
[WhiteClock "0:09:40"]
[BlackClock "0:36:14"]
[Variant "Standard"]

1. d4 {[%clk 1:30:50]}  Nf6 {[%clk 1:30:52]} 2. Nf3 {[%clk 1:31:13]}  g6 {[%clk 1:31:13]} 3. Bf4 {[%clk 1:31:35]}  Bg7 {[%clk 1:31:34]} 4. e3 {[%clk 1:31:59]}  d5 {[%clk 1:31:56]} 5. Be2 {[%clk 1:32:02]}  O-O {[%clk 1:32:11]} 6. h3 {[%clk 1:32:27]}  c5 {[%clk 1:32:25]} 7. c3 {[%clk 1:32:53]}  Nc6 {[%clk 1:32:44]} 8. O-O {[%clk 1:31:57]}  b6 {[%clk 1:32:56]} 9. Nbd2 {[%clk 1:32:22]}  Bb7 {[%clk 1:33:14]} 10. Ne5 {[%clk 1:31:20]}  Nd7 {[%clk 1:28:58]} 11. Nxd7 {[%clk 1:30:38]}  Qxd7 {[%clk 1:29:22]} 12. a4 {[%clk 1:30:48]}  e5 {[%clk 1:27:02]} 13. g3 {[%clk 0:09:40]}  h6 {[%clk 0:36:14]} 0-1

[Event "Amateur Tournament (ATO)"]
[Site "https://www.chess.com"]
[Date "2025.07.24"]
[Round "9"]
[White "Ye, Zhanting K."]
[Black "Kulikov, Mikhail L"]
[Result "1-0"]
[Board "7"]
[WhiteFideId "2533235"]
[BlackFideId "4147847"]
[WhiteElo "1857"]
[BlackElo "1907"]
[WhiteTeam "IRL"]
[BlackTeam "RUS"]
[WhiteClock "0:46:18"]
[BlackClock "0:48:07"]
[Variant "Standard"]

1. e4 {[%clk 1:30:47]}  c6 {[%clk 1:30:13]} 2. d4 {[%clk 1:30:50]}  d5 {[%clk 1:30:37]} 3. e5 {[%clk 1:31:02]}  Bf5 {[%clk 1:30:55]} 4. Nc3 {[%clk 1:31:17]}  e6 {[%clk 1:31:03]} 5. g4 {[%clk 1:30:30]}  Bg6 {[%clk 1:30:24]} 6. Nge2 {[%clk 1:30:50]}  c5 {[%clk 1:30:26]} 7. h4 {[%clk 1:30:35]}  h5 {[%clk 1:30:23]} 8. Nf4 {[%clk 1:30:36]}  Bh7 {[%clk 1:30:46]} 9. Nxh5 {[%clk 1:30:35]}  a6 {[%clk 1:24:32]} 10. Rh3 {[%clk 0:46:18]}  Be4 {[%clk 0:48:07]} 11. f4 {[%clk 0:46:18]} 1-0

[Event "Amateur Tournament (ATO)"]
[Site "https://www.chess.com"]
[Date "2025.07.24"]
[Round "9"]
[White "Jampen, Florian"]
[Black "Meshach, Felix"]
[Result "1/2-1/2"]
[Board "8"]
[WhiteFideId "1352261"]
[BlackFideId "1342959"]
[WhiteElo "1891"]
[BlackElo "1905"]
[WhiteTeam "SUI"]
[BlackTeam "SUI"]
[WhiteClock "0:51:38"]
[BlackClock "0:38:37"]
[Variant "Standard"]

1. g3 {[%clk 1:30:57]}  e6 {[%clk 1:30:41]} 2. c4 {[%clk 1:31:05]}  f5 {[%clk 1:31:04]} 3. Nc3 {[%clk 1:31:13]}  Nf6 {[%clk 1:31:25]} 4. Bg2 {[%clk 1:31:21]}  d5 {[%clk 1:30:34]} 5. cxd5 {[%clk 1:31:19]}  exd5 {[%clk 1:30:53]} 6. Nf3 {[%clk 1:31:34]}  c6 {[%clk 1:30:23]} 7. O-O {[%clk 1:31:36]}  Bd6 {[%clk 1:30:36]} 8. d3 {[%clk 1:31:39]}  O-O {[%clk 1:28:26]} 9. e4 {[%clk 1:31:55]}  Kf7 {[%clk 0:38:30]} 10. h3 {[%clk 0:53:08]}  h6 {[%clk 0:38:37]} 11. g4 {[%clk 0:51:38]} 1/2-1/2

[Event "Amateur Tournament (ATO)"]
[Site "https://www.chess.com"]
[Date "2025.07.24"]
[Round "9"]
[White "Hofmann, Hans"]
[Black "Rajendran, Ishaan"]
[Result "1-0"]
[Board "10"]
[WhiteFideId "1332503"]
[BlackFideId "39910032"]
[WhiteElo "1932"]
[BlackElo "1725"]
[WhiteTeam "SUI"]
[BlackTeam "USA"]
[WhiteClock "0:36:09"]
[BlackClock "1:31:21"]
[Variant "Standard"]

1. d4 {[%clk 1:30:53]}  d5 {[%clk 1:29:59]} 2. c4 {[%clk 1:31:16]}  c6 {[%clk 1:30:25]} 3. Nf3 {[%clk 1:31:14]}  Nf6 {[%clk 1:30:39]} 4. Nc3 {[%clk 1:31:33]}  e6 {[%clk 1:31:03]} 5. e3 {[%clk 1:31:09]}  Nbd7 {[%clk 1:31:22]} 6. Bd3 {[%clk 1:31:25]}  dxc4 {[%clk 1:31:16]} 7. Bxc4 {[%clk 1:31:48]}  b5 {[%clk 1:31:36]} 8. Bd3 {[%clk 1:32:09]}  a6 {[%clk 1:31:45]} 9. O-O {[%clk 1:31:44]}  Bd6 {[%clk 1:31:43]} 10. e4 {[%clk 1:26:57]}  e5 {[%clk 1:31:21]} 11. h3 {[%clk 0:36:09]} 1-0

[Event "Amateur Tournament (ATO)"]
[Site "https://www.chess.com"]
[Date "2025.07.24"]
[Round "9"]
[White "Hasini Kamabathula"]
[Black "Bracher, Juerg"]
[Result "1/2-1/2"]
[Board "12"]
[WhiteFideId "25712837"]
[BlackFideId "1337521"]
[WhiteElo "1624"]
[BlackElo "1848"]
[WhiteTeam "IND"]
[BlackTeam "SUI"]
[WhiteClock "1:03:14"]
[BlackClock "0:38:07"]
[Variant "Standard"]

1. e4 {[%clk 1:30:57]}  e6 {[%clk 1:30:48]} 2. d4 {[%clk 1:31:22]}  d5 {[%clk 1:31:16]} 3. Nd2 {[%clk 1:31:47]}  Nf6 {[%clk 1:31:09]} 4. e5 {[%clk 1:32:11]}  Nfd7 {[%clk 1:31:32]} 5. Bd3 {[%clk 1:32:31]}  c5 {[%clk 1:31:50]} 6. c3 {[%clk 1:32:54]}  Nc6 {[%clk 1:32:13]} 7. Ne2 {[%clk 1:33:18]}  Qb6 {[%clk 1:31:50]} 8. Nf3 {[%clk 1:33:39]}  Be7 {[%clk 1:30:22]} 9. O-O {[%clk 1:33:31]}  O-O {[%clk 1:28:44]} 10. Bc2 {[%clk 1:32:35]}  cxd4 {[%clk 1:23:05]} 11. cxd4 {[%clk 1:32:57]}  f6 {[%clk 1:23:07]} 12. g3 {[%clk 1:07:59]}  h6 {[%clk 0:38:07]} 13. Kh1 {[%clk 1:03:14]} 1/2-1/2

[Event "Amateur Tournament (ATO)"]
[Site "https://www.chess.com"]
[Date "2025.07.24"]
[Round "9"]
[White "Jud, Marc"]
[Black "Anetov, Aisultan"]
[Result "1-0"]
[Board "13"]
[WhiteFideId "1309099"]
[BlackFideId "13784943"]
[WhiteElo "1958"]
[BlackElo "1584"]
[WhiteTeam "SUI"]
[BlackTeam "KAZ"]
[WhiteClock "0:52:58"]
[BlackClock "0:50:42"]
[Variant "Standard"]

1. Nf3 {[%clk 1:30:03]}  d5 {[%clk 1:30:02]} 2. e3 {[%clk 1:30:29]}  Nf6 {[%clk 1:30:06]} 3. c4 {[%clk 1:30:52]}  c6 {[%clk 1:29:42]} 4. b3 {[%clk 1:31:03]}  Bf5 {[%clk 1:30:03]} 5. Bb2 {[%clk 1:31:22]}  e6 {[%clk 1:30:23]} 6. Be2 {[%clk 1:30:53]}  Nbd7 {[%clk 1:30:14]} 7. O-O {[%clk 1:31:02]}  Bd6 {[%clk 1:28:08]} 8. d4 {[%clk 1:30:45]}  O-O {[%clk 1:23:55]} 9. h4 {[%clk 0:52:58]}  h6 {[%clk 0:52:00]} 10. g3 {[%clk 0:52:58]}  Re8 {[%clk 0:50:42]} 1-0

[Event "Amateur Tournament (ATO)"]
[Site "https://www.chess.com"]
[Date "2025.07.24"]
[Round "9"]
[White "Schmid, Nicola"]
[Black "Zarriess, Benjamin"]
[Result "1/2-1/2"]
[Board "14"]
[WhiteFideId "1320769"]
[BlackFideId "34606645"]
[WhiteElo "1910"]
[BlackElo "1741"]
[WhiteTeam "SUI"]
[BlackTeam "GER"]
[WhiteClock "0:09:29"]
[BlackClock "0:13:38"]
[Variant "Standard"]

1. Nf3 {[%clk 1:30:42]}  d5 {[%clk 1:30:48]} 2. b3 {[%clk 1:31:07]}  Nf6 {[%clk 1:31:01]} 3. Bb2 {[%clk 1:31:35]}  e6 {[%clk 1:31:17]} 4. e3 {[%clk 1:32:01]}  Bd6 {[%clk 1:31:24]} 5. c4 {[%clk 1:32:20]}  O-O {[%clk 1:30:54]} 6. Qc2 {[%clk 1:32:37]}  c5 {[%clk 1:29:48]} 7. Nc3 {[%clk 1:30:29]}  Re8 {[%clk 1:24:32]} 8. h4 {[%clk 0:42:04]}  h6 {[%clk 0:51:45]} 9. Ng5 {[%clk 0:42:04]}  g6 {[%clk 0:51:45]} 10. Nxf7 {[%clk 0:42:04]}  Kxf7 {[%clk 0:40:40]} 11. Rh3 {[%clk 0:32:35]}  Kg8 {[%clk 0:39:13]} 12. Rf3 {[%clk 0:31:24]}  Kf7 {[%clk 0:35:19]} 13. g4 {[%clk 0:13:46]}  h5 {[%clk 0:15:38]} 14. gxh5 {[%clk 0:09:29]}  gxh5 {[%clk 0:13:38]} 1/2-1/2

[Event "Amateur Tournament (ATO)"]
[Site "https://www.chess.com"]
[Date "2025.07.24"]
[Round "9"]
[White "Cloete, Willem Francois"]
[Black "Hirzel, Robin"]
[Result "0-1"]
[Board "19"]
[WhiteFideId "14358387"]
[BlackFideId "1342320"]
[WhiteElo "1567"]
[BlackElo "1795"]
[WhiteTeam "RSA"]
[BlackTeam "SUI"]
[WhiteClock "1:27:20"]
[BlackClock "1:29:26"]
[Variant "Standard"]

1. e4 {[%clk 1:30:56]}  e6 {[%clk 1:30:57]} 2. d4 {[%clk 1:31:14]}  d5 {[%clk 1:31:23]} 3. e5 {[%clk 1:31:39]}  c5 {[%clk 1:31:50]} 4. c3 {[%clk 1:32:04]}  Nc6 {[%clk 1:32:17]} 5. Nf3 {[%clk 1:32:22]}  Bd7 {[%clk 1:32:24]} 6. Bd3 {[%clk 1:31:56]}  cxd4 {[%clk 1:32:33]} 7. O-O {[%clk 1:32:01]}  Qb6 {[%clk 1:32:38]} 8. Re1 {[%clk 1:30:40]}  Rc8 {[%clk 1:33:03]} 9. Nbd2 {[%clk 1:29:28]}  Nh6 {[%clk 1:30:50]} 10. Nb3 {[%clk 1:28:02]}  dxc3 {[%clk 1:29:26]} 11. bxc3 {[%clk 1:27:20]} 0-1

[Event "Amateur Tournament (ATO)"]
[Site "https://www.chess.com"]
[Date "2025.07.24"]
[Round "9"]
[White "Ernst, Heinz"]
[Black "Panda, Gyorgy"]
[Result "1/2-1/2"]
[Board "21"]
[WhiteFideId "1303295"]
[BlackFideId "799548"]
[WhiteElo "1790"]
[BlackElo "1718"]
[WhiteTeam "SUI"]
[BlackTeam "HUN"]
[WhiteClock "1:28:43"]
[BlackClock "1:26:32"]
[Variant "Standard"]

1. d4 {[%clk 1:30:56]}  d5 {[%clk 1:30:45]} 2. c4 {[%clk 1:31:10]}  e6 {[%clk 1:31:02]} 3. Nc3 {[%clk 1:31:20]}  Be7 {[%clk 1:31:23]} 4. Nf3 {[%clk 1:31:16]}  Nf6 {[%clk 1:31:46]} 5. Bg5 {[%clk 1:31:19]}  h6 {[%clk 1:31:27]} 6. Bh4 {[%clk 1:31:14]}  O-O {[%clk 1:31:32]} 7. e3 {[%clk 1:31:28]}  b6 {[%clk 1:27:58]} 8. cxd5 {[%clk 1:30:22]}  exd5 {[%clk 1:26:15]} 9. Bd3 {[%clk 1:30:19]}  Bb7 {[%clk 1:26:23]} 10. O-O {[%clk 1:30:06]}  Nbd7 {[%clk 1:26:32]} 11. Rc1 {[%clk 1:28:43]} 1/2-1/2

[Event "Amateur Tournament (ATO)"]
[Site "https://www.chess.com"]
[Date "2025.07.24"]
[Round "9"]
[White "Kopp, Guenter"]
[Black "Aleksenko, Kirill"]
[Result "0-1"]
[Board "34"]
[WhiteFideId "1322974"]
[BlackFideId "1364413"]
[WhiteElo "1747"]
[BlackElo "1707"]
[WhiteTeam "SUI"]
[BlackTeam "SUI"]
[WhiteClock "1:24:18"]
[BlackClock "1:22:51"]
[Variant "Standard"]

1. c4 {[%clk 1:30:54]}  e5 {[%clk 1:30:56]} 2. Nc3 {[%clk 1:30:27]}  Nf6 {[%clk 1:31:21]} 3. g3 {[%clk 1:29:48]}  Nc6 {[%clk 1:31:25]} 4. Bg2 {[%clk 1:29:30]}  g6 {[%clk 1:31:08]} 5. e3 {[%clk 1:28:35]}  Bb4 {[%clk 1:30:54]} 6. Nge2 {[%clk 1:28:16]}  d6 {[%clk 1:30:22]} 7. a3 {[%clk 1:28:13]}  Bxc3 {[%clk 1:30:41]} 8. Nxc3 {[%clk 1:26:43]}  O-O {[%clk 1:30:19]} 9. b4 {[%clk 1:26:18]}  Be6 {[%clk 1:30:37]} 10. d3 {[%clk 1:25:16]}  d5 {[%clk 1:30:44]} 11. cxd5 {[%clk 1:24:18]}  h5 {[%clk 1:22:51]} 0-1

[Event "Amateur Tournament (ATO)"]
[Site "https://www.chess.com"]
[Date "2025.07.24"]
[Round "9"]
[White "Strebel, Beda"]
[Black "Brandes, Stefan"]
[Result "1/2-1/2"]
[Board "40"]
[WhiteFideId "1366432"]
[BlackFideId "1352890"]
[WhiteElo "1695"]
[BlackElo "1583"]
[WhiteTeam "SUI"]
[BlackTeam "SUI"]
[WhiteClock "1:27:13"]
[BlackClock "1:32:38"]
[Variant "Standard"]

1. e4 {[%clk 1:30:54]}  c6 {[%clk 1:30:51]} 2. d4 {[%clk 1:31:20]}  d5 {[%clk 1:31:15]} 3. exd5 {[%clk 1:31:47]}  cxd5 {[%clk 1:31:37]} 4. Bd3 {[%clk 1:32:13]}  Nc6 {[%clk 1:31:57]} 5. c3 {[%clk 1:32:39]}  Nf6 {[%clk 1:32:16]} 6. h3 {[%clk 1:33:05]}  e5 {[%clk 1:32:38]} 7. dxe5 {[%clk 1:33:31]}  Nxe5 {[%clk 1:33:03]} 8. Nf3 {[%clk 1:33:56]}  Nxd3+ {[%clk 1:33:26]} 9. Qxd3 {[%clk 1:34:22]}  Bd6 {[%clk 1:33:52]} 10. O-O {[%clk 1:34:26]}  O-O {[%clk 1:34:15]} 11. Bg5 {[%clk 1:34:10]}  h6 {[%clk 1:34:35]} 12. Bxf6 {[%clk 1:34:06]}  Qxf6 {[%clk 1:34:57]} 13. Qxd5 {[%clk 1:33:09]}  Rd8 {[%clk 1:35:19]} 14. Qh5 {[%clk 1:29:58]}  b5 {[%clk 1:32:38]} 15. Nbd2 {[%clk 1:27:13]} 1/2-1/2

[Event "Amateur Tournament (ATO)"]
[Site "https://www.chess.com"]
[Date "2025.07.24"]
[Round "9"]
[White "Muehlemann, Walter"]
[Black "Archit Saigal"]
[Result "1/2-1/2"]
[Board "43"]
[WhiteFideId "1307010"]
[BlackFideId "46631291"]
[WhiteElo "1624"]
[BlackElo "1494"]
[WhiteTeam "SUI"]
[BlackTeam "IND"]
[WhiteClock "1:27:30"]
[BlackClock "0:24:47"]
[Variant "Standard"]

1. e4 {[%clk 1:30:56]}  c6 {[%clk 1:30:44]} 2. d4 {[%clk 1:31:12]}  d5 {[%clk 1:31:09]} 3. exd5 {[%clk 1:31:11]}  cxd5 {[%clk 1:31:34]} 4. Bd3 {[%clk 1:31:22]}  Nc6 {[%clk 1:31:54]} 5. c3 {[%clk 1:31:36]}  Qc7 {[%clk 1:32:19]} 6. Nf3 {[%clk 1:31:27]}  Bg4 {[%clk 1:31:49]} 7. O-O {[%clk 1:31:07]}  Nf6 {[%clk 1:31:43]} 8. Re1 {[%clk 1:29:02]}  e6 {[%clk 1:31:13]} 9. h3 {[%clk 1:28:33]}  Bh5 {[%clk 1:30:52]} 10. Bg5 {[%clk 1:28:03]}  Be7 {[%clk 1:30:20]} 11. Nbd2 {[%clk 1:27:26]}  O-O {[%clk 1:28:22]} 12. b4 {[%clk 1:27:30]}  Bg6 {[%clk 0:24:47]} 1/2-1/2

[Event "Amateur Tournament (ATO)"]
[Site "https://www.chess.com"]
[Date "2025.07.24"]
[Round "9"]
[White "Kuenzli, Manuel"]
[Black "Harte, Bernd"]
[Result "0-1"]
[Board "44"]
[WhiteFideId "1351982"]
[BlackFideId "1356399"]
[WhiteElo "1480"]
[BlackElo "1646"]
[WhiteTeam "SUI"]
[BlackTeam "SUI"]
[WhiteClock "1:28:34"]
[BlackClock "1:26:29"]
[Variant "Standard"]

1. d4 {[%clk 1:30:53]}  d5 {[%clk 1:30:51]} 2. Bf4 {[%clk 1:31:13]}  Nf6 {[%clk 1:31:00]} 3. e3 {[%clk 1:31:32]}  a6 {[%clk 1:31:10]} 4. c3 {[%clk 1:31:38]}  Bf5 {[%clk 1:31:04]} 5. Bd3 {[%clk 1:31:38]}  Bg6 {[%clk 1:30:39]} 6. Nf3 {[%clk 1:31:18]}  Nc6 {[%clk 1:30:06]} 7. Bc2 {[%clk 1:30:53]}  e6 {[%clk 1:29:11]} 8. Nbd2 {[%clk 1:30:52]}  Bd6 {[%clk 1:28:24]} 9. Bg5 {[%clk 1:29:45]}  h6 {[%clk 1:26:44]} 10. Bxg6 {[%clk 1:28:30]}  fxg6 {[%clk 1:26:29]} 11. Bxf6 {[%clk 1:28:34]} 0-1